[Event "Cheadle op 1st"]
[Site "Cheadle"]
[Date "2025.02.06"]
[Round "5"]
[White "Lee, Daniel T"]
[Black "Cook, Michael Antony"]
[Result "1/2-1/2"]
[WhiteElo "1955"]
[BlackElo "1947"]
[PlyCount "34"]
[EventDate "2025.02.04"]
[EventType "swiss"]
[EventRounds "6"]
[EventCountry "ENG"]
[SourceTitle "CB07_2025"]
[SourceDate "2025.02.12"]
[SourceVersion "1"]
[SourceVersionDate "2025.02.12"]
[SourceQuality "1"]

1. d4 d5 2. c4 e6 3. Nc3 Nf6 4. Nf3 Be7 5. Bg5 h6 6. Bh4 0-0 7. e3 b6 8. Rc1 Bb7 9. cxd5 Nxd5 10. Bxe7 Qxe7 11. Bd3 Rc8 12. 0-0 Nd7 13. Qd2 c5 14. e4 cxd4 15. Nxd5 exd5 16. exd5 Bxd5 17. Nxd4 Nc5 1/2-1/2

[Event "Bolton Lamb Memorial"]
[Site "Bolton"]
[Date "2024.08.18"]
[Round "4"]
[White "Vassiliou, Chris"]
[Black "Lee, Daniel T"]
[Result "0-1"]
[WhiteElo "1918"]
[BlackElo "1941"]
[PlyCount "70"]
[EventDate "2024.08.16"]
[EventType "swiss"]
[EventRounds "5"]
[EventCountry "ENG"]
[SourceTitle "CBM 221 Extra"]
[Source "ChessBase"]
[SourceDate "2024.09.30"]
[SourceVersion "1"]
[SourceVersionDate "2024.09.30"]
[SourceQuality "1"]

1. d4 Nf6 2. c4 g6 3. Nc3 d5 4. cxd5 Nxd5 5. Bd2 Bg7 6. e4 Nxc3 7. Bxc3 0-0 8. h3 e6 9. Nf3 c5 10. Be2 Nc6 11. d5 exd5 12. exd5 Nb4 13. d6 Be6 14. 0-0 Nd5 15. Bxg7 Kxg7 16. Bc4 Qxd6 17. Ng5 Rad8 18. Qb3 Qc6 19. Rad1 Nf4 20. Nxe6+ fxe6 21. f3 Rd4 22. Rxd4 cxd4 23. Rd1 e5 24. Bd3 Nxh3+ 25. gxh3 Qxf3 26. Rf1 Qg3+ 27. Kh1 Qxh3+ 28. Kg1 Qg3+ 29. Kh1 Rxf1+ 30. Bxf1 Qxb3 31. axb3 Kf6 32. Bd3 Kg5 33. Kg2 Kf4 34. Kf2 e4 35. Bc4 g5 0-1

[Event "BCF-chT3W 2324 (4NCL)"]
[Site "England"]
[Date "2024.05.04"]
[Round "9.45"]
[White "Rabbitt, Michael"]
[Black "Lee, Daniel T"]
[Result "0-1"]
[WhiteElo "1952"]
[BlackElo "2102"]
[PlyCount "52"]
[EventDate "2023.11.18"]
[EventType "team-tourn"]
[EventRounds "11"]
[EventCountry "ENG"]
[SourceTitle "EXT 2025"]
[Source "ChessBase"]
[SourceDate "2024.10.14"]
[SourceVersion "1"]
[SourceVersionDate "2024.10.14"]
[SourceQuality "1"]
[WhiteTeam "Brown Jack"]
[BlackTeam "Greater Woodpushers"]
[WhiteTeamCountry "ENG"]
[BlackTeamCountry "ENG"]

1. e4 Nf6 2. e5 Nd5 3. c4 Nb6 4. d4 d6 5. f4 g6 6. Nc3 Bg7 7. Be3 Be6 8. b3 0-0 9. Nf3 Na6 10. h3 c5 11. d5 Bd7 12. Qd2 Re8 13. Rd1 Qc7 14. exd6 exd6 15. Kf2 Nc8 16. Be2 Qa5 17. Nb5 Qxd2 18. Rxd2 Bxb5 19. cxb5 Nc7 20. Bc4 Nb6 21. Ke2 Re7 22. Rd3 Rae8 23. Kd2 Nbxd5 24. Bxd5 Nxd5 25. Rxd5 Rxe3 26. Ne5 Rg3 0-1

[Event "BCF-chT3W 2324 (4NCL)"]
[Site "England"]
[Date "2024.02.10"]
[Round "5.44"]
[White "Lee, Daniel T"]
[Black "Gostelow, Luke"]
[Result "1/2-1/2"]
[WhiteElo "2114"]
[BlackElo "2007"]
[PlyCount "34"]
[EventDate "2023.11.18"]
[EventType "team-tourn"]
[EventRounds "11"]
[EventCountry "ENG"]
[SourceTitle "EXT 2025"]
[Source "ChessBase"]
[SourceDate "2024.10.14"]
[SourceVersion "1"]
[SourceVersionDate "2024.10.14"]
[SourceQuality "1"]
[WhiteTeam "Greater Woodpushers"]
[BlackTeam "Chessable White Rose III"]
[WhiteTeamCountry "ENG"]
[BlackTeamCountry "ENG"]

1. d4 Nf6 2. c4 c5 3. d5 e6 4. Nc3 exd5 5. cxd5 d6 6. e4 g6 7. Nf3 Bg7 8. Be2 0-0 9. 0-0 a6 10. a4 Bg4 11. Nd2 Bxe2 12. Qxe2 Nbd7 13. Nc4 Nb6 14. Bf4 Nxc4 15. Qxc4 Qe7 16. Rfe1 Nd7 17. a5 Ne5 1/2-1/2